| 000 | 01275 a2200265 4500 | ||
|---|---|---|---|
| 003 | Nust | ||
| 005 | 20220721084142.0 | ||
| 010 | _a 2005472887 | ||
| 020 | _a0852960247 | ||
| 035 | _a(OCoLC)ocm47676996 | ||
| 040 | _cNust | ||
| 082 | 0 | 4 | _a004.6,VOI |
| 245 | 0 | 0 |
_aVoice over IP : _bsystems and solutions / _cedited by Richard Swale. |
| 260 |
_aLondon : _bInstitution of Electrical Engineers, _cc2001. |
||
| 300 |
_axviii, 484 p. : _bill. ; _c25 cm. |
||
| 490 | 1 |
_aBT Exact communications technology series ; _v3 |
|
| 505 | _aIntroduction to VoIP (Page-1), Achieving VoIP Voice Quality (Page-29), VoIP-The Access Dimension (Page-51), IP Telephony Solutions for the Customer Premises (Page-73), International Standards for VoIP (Page-99), SS7 over IP (Page-137), VoIP Gateways and the Megaco Architecture (Page-161), Bearer-Independent Call Control (Page-183), Numbering and Naming in VoIP Networks (Page-207). | ||
| 650 | 0 |
_aInternet telephony. _955798 |
|
| 700 | 1 |
_aSwale, Richard. _994194 |
|
| 710 | 2 |
_aBTexact Technologies. _994195 |
|
| 710 | 2 | _aInstitution of Electrical Engineers. | |
| 830 | 0 |
_aBT communications technology series ; _994196 |
|
| 856 | 4 | 2 |
_3Publisher description _uhttp://www.loc.gov/catdir/enhancements/fy0631/2005472887-d.html |
| 942 |
_cREF _2ddc |
||
| 999 |
_c174805 _d174805 |
||